Guía práctica para elaborar las citas y referencias bibliográfícas : adaptado al estilo APA
Guardado en:
| 主要作者: | |
|---|---|
| 格式: | 圖書 |
| 出版: |
[San José ], Costa Rica, Editorial UCR,
20013
|
| 叢編: | Manuales de bibliotecología ; 1
|
| 主題: | |
| 標簽: |
添加標簽
沒有標簽, 成為第一個標記此記錄!
|
MARC
| LEADER | 00000nam a2200000Ia 4500 | ||
|---|---|---|---|
| 003 | L000807 | ||
| 005 | 20221231144021.0 | ||
| 008 | 140114s2013 c a 000 ||s d | ||
| 040 | |c cru CEDI | ||
| 082 | |a 808.027 G643g | ||
| 100 | |a González Arrieta, Ruth |9 18347 | ||
| 245 | |a Guía práctica para elaborar las citas y referencias bibliográfícas : adaptado al estilo APA | ||
| 260 | |a [San José ], Costa Rica, Editorial UCR, |c 20013 | ||
| 300 | |a vii, 53 hojas; ilustraciones en blanco y negro. | ||
| 440 | |a Manuales de bibliotecología ; 1 |9 18351 | ||
| 650 | |x AMERICAN PSYCHOLOGICAL ASSOCIATION |x CITAS BIBLIOGRAFICAS - NORMAS TECNICAS |x CITAS BIBLIOGRAFICAS - GUIAS |x MANUALES |x ARTE DE ESCRIBIR |9 18352 | ||
| 942 | |2 ddc |c BK | ||
| 999 | |c 15668 |d 15668 | ||
